000
00398nam a2200145Ia 4500
008
090124s9999 xx 000 0 und d
082
_b
400375
245
_a
जादुचा दिवा
250
_a
1
260
_b
महाजन जगन्नाथ
_c
1976
300
_a
32
630
_a
जादुचा दिवा
730
_a
जादुचा दिवा
942
_c
BOOK
999
_c
196296
_d
196296